Shatamanada kannada sahitya. (Record no. 114509)
[ view plain ]
| 000 -LEADER | |
|---|---|
| fixed length control field | 00673nam a2200205Ia 4500 |
| 003 - CONTROL NUMBER IDENTIFIER | |
| control field | OSt |
| 005 - DATE AND TIME OF LATEST TRANSACTION | |
| control field | 20250304141952.0 |
| 008 - FIXED-LENGTH DATA ELEMENTS--GENERAL INFORMATION | |
| fixed length control field | 210210b2000 xxu||||| |||| 00| 0 eng d |
| 040 ## - CATALOGING SOURCE | |
| Transcribing agency | AL |
| 041 ## - LANGUAGE CODE | |
| Language code of text/sound track or separate title | Kannada |
| 082 ## - DEWEY DECIMAL CLASSIFICATION NUMBER | |
| Classification number | K894.9 NAYS |
| 100 ## - MAIN ENTRY--PERSONAL NAME | |
| Personal name | NAYAKA (Ji Ech), Ed. |
| Dates associated with a name | ನಾಯಕ |
| 9 (RLIN) | 203746 |
| 245 ## - TITLE STATEMENT | |
| Title | Shatamanada kannada sahitya. |
| Remainder of title | ಶತಮಾನದ ಕನ್ನಡ ಸಾಹಿತ್ಯ |
| 260 ## - PUBLICATION, DISTRIBUTION, ETC. | |
| Place of publication, distribution, etc. | Ankola |
| Name of publisher, distributor, etc. | Shri Raghavendra Prakashana |
| Date of publication, distribution, etc. | 2000 |
| 300 ## - PHYSICAL DESCRIPTION | |
| Extent | viii,392 |
| 650 ## - SUBJECT ADDED ENTRY--TOPICAL TERM | |
| Topical term or geographic name entry element | Kannada sahitya samikshe Kavya nataka SannkateKadambari Vimarshe Samshodhane Janapad |
| 9 (RLIN) | 203747 |
| 690 ## - LOCAL SUBJECT ADDED ENTRY--TOPICAL TERM (OCLC, RLIN) | |
| Topical term or geographic name as entry element | Kannada Criticism |
| 9 (RLIN) | 203748 |
| 906 ## - LOCAL DATA ELEMENT F, LDF (RLIN) | |
| a | SG03483 |
| 942 ## - ADDED ENTRY ELEMENTS (KOHA) | |
| Source of classification or shelving scheme | Dewey Decimal Classification |
| Koha item type | Book |
| Withdrawn status | Lost status | Damaged status | Not for loan | Collection code | Home library | Current library | Shelving location | Date acquired | Source of acquisition | Cost, normal purchase price | Total Checkouts | Full call number | Barcode | Date last seen | Price effective from | Koha item type |
|---|---|---|---|---|---|---|---|---|---|---|---|---|---|---|---|---|
| St Aloysius Library | St Aloysius Library | 02/17/2021 | Athree Book Centre, Mangalore-01. | 0.00 | K894.9 NAYS | SG03483 | 02/17/2021 | 02/17/2021 | Special Grants |